Geografia nos dias de hoje, 9ºano (Record no. 74754)

MARC details
000 -LÍDER
campo de controle de tamanho fixo 00382 a2200157 4500
001 - NÚMERO DE CONTROLE
campo de controle 74754
020 ## - ISBN - INTERNATIONAL STANDARD BOOK NUMBER
ISBN - International Standard Book Number 9788581810805
040 ## - FONTE DA CATALOGAÇÃO
Instituição que transcreveu o registro Anchieta - Colégio São Paulo
100 ## - ENTRADA PRINCIPAL--NOME PESSOAL
Nome pessoal Ortega, Ligia
240 10 - TÍTULO UNIFORME
Título uniforme Geografia nos dias de hoje, 9ºano
Idioma da obra por
245 10 - TÍTULO
Título Geografia nos dias de hoje, 9ºano
300 ## - DESCRIÇÃO FÍSICA
Extensão 96
362 0# - DATAS DE PUBLICAÇÃO E/OU DESIGNAÇÃO SEQUENCIAL
Datas de publicação e/ou designação sequencial 2012
650 #4 - ASSUNTO--TERMO TÓPICO
Cabeçalho tópico ou nome geográfico Geografia e viagens
942 ## - ELEMENTOS DE ENTRADA ADICIONADOS (KOHA)
Tipo de material Koha Livros
Holdings
Situação do descarte Situação das perdas Situação física Não pode ser emprestado Biblioteca de origem Biblioteca atual Data de aquisição Total de empréstimos Número de chamada completo Código de barras Data de último acesso Data do preço efetivo Tipo de material Koha
        Colégio São Paulo Colégio São Paulo 22/11/2023   910 G435 5662/CSP 22/11/2023 22/11/2023 Livros
        Colégio São Paulo Colégio São Paulo 22/11/2023   910 G435 5663/CSP 22/11/2023 22/11/2023 Livros
        Colégio São Paulo Colégio São Paulo 22/11/2023   910 G435 5664/CSP 22/11/2023 22/11/2023 Livros
        Colégio São Paulo Colégio São Paulo 22/11/2023   910 G435 5665/CSP 22/11/2023 22/11/2023 Livros